00316 2200121 4500001002100000005001500021035002400036090001800060245004900078260003100127300002100158990001500179YOGYA00000000008732020140823105620 0010-081400000087037 aDEP 920 Cah T aTeresa dari KalkutacKrispurwana Cahyadi, SJ aYogyakartabKanisiusc2010 a224 hlm.b19 cm. a2010 - 805